Coco Câline - Julien Doré : Paroles - Statistiques

Statistiques générales
  • Ce quiz a été pris 23 fois
  • Le résultat moyen est 152 sur 219
Statistiques - réponses
Paroles % Correct
coco
100%
la
100%
plage
100%
Sur
100%
sur
100%
câline
95%
je
71%
te
67%
veux
62%
moi
57%
ton
57%
à
52%
le
52%
prends
52%
corps
48%
de
48%
des
43%
divine
43%
les
43%
me
43%
ô
43%
tes
43%
un
43%
coeur
38%
dans
38%
l'eau
38%
que
38%
yeux
38%
au
33%
baiser
33%
ce
33%
j'imagine
33%
marine
33%
peau
33%
vagues
33%
du
29%
hélas
29%
scie
29%
sous
29%
bleu
24%
l'origine
24%
nous
24%
nuit
24%
pluie
24%
rivages
24%
saline
24%
sublime
24%
ta
24%
tropique
24%
viens
24%
aux
19%
bouche
19%
noire
19%
spleen
19%
dauphins
14%
désir
14%
deux
14%
lagon
14%
large
14%
lointains
14%
ont
14%
feu
10%
lèvres
10%
met
10%
naïve
10%
parle
10%
parme
10%
seul
10%
surla
10%
cygne
5%
l'océan
5%
nage
5%
astres
0%
l'indicible
0%
Aucun quiz correspondant
Distribution des résultats
% des personnes avec chaque résultat
Percentile par nombre de réponses
Votre historique - résultats
Vous n’avez pas pris ce quiz